Biografías de chilenos 1876-1973. Miembros de los poderes ejecutivo, legislativo y judicial.

I tiakina i:
Ngā taipitopito rārangi puna kōrero
Kaituhi matua: Ramón F., Armando de (autor)
Ētahi atu kaituhi: Acevedo Fagalde, Ema (autor), Valdivieso, Patricio (autor)
Hōputu: Pukapuka
Reo:Pāniora
I whakaputaina: Santiago, Chile: Ediciones Universidad Católica de Chile, 1999.
Ngā marau:
Ngā Tūtohu: Tāpirihia he Tūtohu
Kāore He Tūtohu, Me noho koe te mea tuatahi ki te tūtohu i tēnei pūkete!

MARC

LEADER 00000nam a2200000 a 4500
001 UCM9756
003 CL-VaPUC
005 20240410164449.0
008 030516e19991000CL |||||||||||||||||spa|d
999 |c 303885  |d 303883 
020 |a 956-14-0529-6 (v. I) 
020 |a 956-14-0528-8 (v. II) 
020 |a 956-14-0725-6 (v. III)  
020 |a 956-14-0726-4 (v. IV)  
040 |c Pontificia Universidad Católica de Valparaíso 
082 0 4 |a 923.28392 RAM 1999  |2 21 
100 1 |a Ramón F., Armando de  |9 476345  |e autor 
245 1 0 |a Biografías de chilenos 1876-1973.   |b Miembros de los poderes ejecutivo, legislativo y judicial.  
260 0 3 |a Santiago, Chile:   |b Ediciones Universidad Católica de Chile,   |c 1999.  
300 |a 4 volúmenes. 
500 |a c.4 -vols. I -IV Donación Familia Prof. Alejandro Guzmán Brito.  
505 |a v. I: Letras A-C. v. II: Letras D-K. v. III: Letras L-Q. v. IV: Letras R-Z. 
583 |k Rodrigo Vera  |c 20201112 
650 0 |a Abogados  |9 256284 
650 0 |a Biografías  |9 255210 
650 0 |a Diccionarios  |9 256200 
650 0 |a Administración pública   |9 255343 
650 0 |a Poder ejecutivo  |9 255177 
650 0 |a Poder legislativo  |9 258808 
650 0 |a Poder judicial  |9 254871 
700 0 |a Acevedo Fagalde, Ema  |9 476346  |e autor 
700 0 |a Valdivieso, Patricio  |9 476347  |e autor  
942 |c BK  |2 ddc  |n 0 
945 |d 20030516 00:00:00  |a cmena 
952 |0 0  |1 0  |2 ddc  |4 0  |6 923_283920000000000_RAM_1999  |7 0  |8 DER_HIS  |9 365465  |a BIBDER  |b BIBDER  |d 2019-11-21  |h v.2  |i 3903095  |o 923.28392 RAM 1999  |p 3903095  |r 2019-11-21  |t 2  |w 2019-11-21  |x Ubicación 4to Piso  |y BK_X  |z Estos recursos deben solicitarse con anticipación  |k DER 
952 |0 0  |1 0  |2 ddc  |4 0  |6 923_283920000000000_RAM_1999  |7 0  |8 A  |9 365466  |a BIBHIS  |b BIBHIS  |d 2019-11-21  |h v.1  |i 3916111  |o 923.28392 RAM 1999  |p 3916111  |r 2025-01-20  |t 3  |w 2019-11-21  |y BK  |k HIS 
952 |0 0  |1 0  |2 ddc  |4 0  |6 923_283920000000000_RAM_1999  |7 0  |8 A  |9 365467  |a BIBHIS  |b BIBHIS  |d 2019-11-21  |h v.2  |i 391612K  |o 923.28392 RAM 1999  |p 391612K  |r 2025-01-20  |t 3  |w 2019-11-21  |y BK  |k HIS 
952 |0 0  |1 0  |2 ddc  |4 0  |6 923_283920000000000_RAM_1999  |7 0  |8 DER_HIS  |9 365468  |a BIBDER  |b BIBDER  |d 2019-11-21  |h v.1  |i 4134788  |o 923.28392 RAM 1999  |p 4134788  |r 2019-11-21  |t 1  |w 2019-11-21  |x Ubicación 4to Piso  |y BK_X  |z Estos recursos deben solicitarse con anticipación  |k DER 
952 |0 0  |1 0  |2 ddc  |4 0  |6 923_283920000000000_RAM_1999  |7 0  |8 DER_HDC  |9 365469  |a BIBDER  |b BIBDER  |d 2019-11-21  |h v.3  |i 4134796  |o 923.28392 RAM 1999  |p 4134796  |r 2019-11-21  |t 2  |w 2019-11-21  |x Ubicación 4to Piso  |y BK_X  |z Estos recursos deben solicitarse con anticipación  |k DER 
952 |0 0  |1 0  |2 ddc  |4 0  |6 923_283920000000000_RAM_1999  |7 0  |8 DER_HDC  |9 365470  |a BIBDER  |b BIBDER  |d 2019-11-21  |h v.4  |i 413480K  |o 923.28392 RAM 1999  |p 413480K  |r 2019-11-21  |t 2  |w 2019-11-21  |x Ubicación 4to Piso  |y BK_X  |z Estos recursos deben solicitarse con anticipación  |k DER 
952 |0 0  |1 0  |2 ddc  |4 0  |6 923_283920000000000_RAM_1999  |7 0  |8 X  |9 365471  |a FDOBUD  |b FDOBUD  |d 2019-11-21  |h v.1  |i 1084569  |o 923.28392 RAM 1999  |p 1084569  |r 2019-11-21  |t 2  |w 2019-11-21  |y BK_X  |k BUD 
952 |0 0  |1 0  |2 ddc  |4 0  |6 923_283920000000000_RAM_1999  |7 0  |8 X  |9 365472  |a FDOBUD  |b FDOBUD  |d 2019-11-21  |h v.2  |i 1084577  |o 923.28392 RAM 1999  |p 1084577  |r 2019-11-21  |t 1  |w 2019-11-21  |y BK_X  |k BUD 
952 |0 0  |1 0  |2 ddc  |4 0  |6 923_283920000000000_RAM_1999  |7 0  |8 X  |9 365473  |a FDOBUD  |b FDOBUD  |d 2019-11-21  |h v.3  |i 1084585  |o 923.28392 RAM 1999  |p 1084585  |r 2019-11-21  |t 1  |w 2019-11-21  |y BK_X  |k BUD 
952 |0 0  |1 0  |2 ddc  |4 0  |6 923_283920000000000_RAM_1999  |7 0  |8 X  |9 365474  |a FDOBUD  |b FDOBUD  |d 2019-11-21  |h v.4  |i 1084593  |o 923.28392 RAM 1999  |p 1084593  |r 2019-11-21  |t 1  |w 2019-11-21  |y BK_X  |k BUD